Directory of environment services Malaysia.
| Format: | Book |
|---|---|
| Published: |
Malaysia:
Association of Environment al consultants and contractors of Malaysia[AECCOM],
2007.
|
| Edition: | 4th ed. |
| Subjects: |
| LEADER | 00533cam a2200157 7i4500 | ||
|---|---|---|---|
| 001 | 0000020744 | ||
| 005 | 20080228090000.0 | ||
| 022 | 0 | 0 | |a 1823-173x |
| 090 | 0 | 0 | |a M 363.7025 |b DIR |
| 245 | 0 | 0 | |a Directory of environment services Malaysia. |
| 250 | 0 | 0 | |a 4th ed. |
| 260 | 0 | 0 | |a Malaysia: |b Association of Environment al consultants and contractors of Malaysia[AECCOM], |c 2007. |
| 300 | # | # | |a 149 p. |
| 650 | 0 | 0 | |a Environment services -- |x Directories -- |z Malaysia |
| 651 | 0 | 0 | |a Malaysia |
| 999 | |a 0000021186 |b Directories |c Malaysia |e Business Information Centre | ||